Southville International School and Colleges

A Day With Longfellow (Record no. 267234)

000 -LEADER
fixed length control field 00597cam a22002053a 4500
001 - CONTROL NUMBER
control field 37980
003 - CONTROL NUMBER IDENTIFIER
control field PGUSA
005 - DATE AND TIME OF LATEST TRANSACTION
control field 20140828083832.0
008 - FIXED-LENGTH DATA ELEMENTS--GENERAL INFORMATION
fixed length control field 111111s2011||||xxu|||||s|||||000 | eng d
040 ## - CATALOGING SOURCE
Original cataloging agency PGUSA
Language of cataloging eng
042 ## - AUTHENTICATION CODE
Authentication code dc
100 1# - MAIN ENTRY--PERSONAL NAME
Personal name Longfellow, Henry Wadsworth,
Dates associated with a name 1807-1882
245 12 - TITLE STATEMENT
Title A Day With Longfellow
Medium [electronic resource] /
Statement of responsibility, etc Henry Wadsworth Longfellow
260 ## - PUBLICATION, DISTRIBUTION, ETC. (IMPRINT)
Name of publisher, distributor, etc Project Gutenberg,
Date of publication, distribution, etc 2011
506 ## - RESTRICTIONS ON ACCESS NOTE
Terms governing access Public domain in the USA.
516 ## - TYPE OF COMPUTER FILE OR DATA NOTE
Type of computer file or data note Electronic text
830 #0 - SERIES ADDED ENTRY--UNIFORM TITLE
Uniform title Project Gutenberg
Volume number/sequential designation 37980
856 40 - ELECTRONIC LOCATION AND ACCESS
Uniform Resource Identifier http://www.gutenberg.org/ebooks/37980
942 ## - ADDED ENTRY ELEMENTS (KOHA)
Koha item type eBooks
Holdings
Price effective from Damaged status Date last seen Koha item type Date acquired Lost status Current Location Withdrawn status Permanent Location
2014-08-28 2014-08-28eBooks2014-08-28 Project Gutenberg Project Gutenberg
Powered by Koha